[Event "Eindhoven WLC op 15th"]
[Site "Eindhoven"]
[Date "2025.05.17"]
[Round "3"]
[White "Bruggeman, David"]
[Black "Thijssen, Freek"]
[Result "0-1"]
[WhiteElo "1821"]
[BlackElo "1985"]
[PlyCount "120"]
[EventDate "2025.05.16"]
[EventType "swiss"]
[EventRounds "6"]
[EventCountry "NED"]
[SourceTitle "CB21_2025"]
[SourceDate "2025.05.21"]
[SourceVersion "1"]
[SourceVersionDate "2025.05.21"]
[SourceQuality "1"]

1. Nf3 Nf6 2. g3 e6 3. Bg2 Be7 4. 0-0 d5 5. c4 0-0 6. d4 c6 7. Nc3 Nbd7 8. Qc2 dxc4 9. e4 b5 10. Bg5 Bb7 11. h4 h6 12. e5 hxg5 13. Nxg5 Qb6 14. Rfd1 Rfd8 15. a4 a6 16. a5 Qc7 17. exf6 Nxf6 18. Nce4 Nxe4 19. Qxe4 g6 20. Nxe6 fxe6 21. Qxg6+ Kf8 22. Bh3 Bb4 23. Bxe6 Qg7 24. Qf5+ Ke8 25. h5 Rd6 26. h6 Qxh6 27. Qf7+ Kd8 28. Qxb7 Qxe6 29. Qxa8+ Ke7 30. Qh8 Rd5 31. Kf1 Kd7 32. Qh7+ Kd8 33. Qh4+ Kd7 34. Kg2 Rf5 35. Rh1 Qd5+ 36. Kf1 Qf3 37. g4 Rf4 38. Rh3 Qxg4 39. Qxg4+ Rxg4 40. Rd1 Bxa5 41. Ke2 Bb6 42. Ke3 Ke6 43. f4 Rg2 44. Rh6+ Kd5 45. Rh5+ Kd6 46. f5 Rxb2 47. Rh6+ Kd5 48. f6 Rb3+ 49. Kf4 Rb2 50. Kf3 Rb3+ 51. Kg4 Ba5 52. Rh5+ Ke6 53. Rf5 Rg3+ 54. Kxg3 Kxf5 55. f7 Bb4 56. d5 cxd5 57. Rxd5+ Ke4 58. Rd8 c3 59. Rh8 Kd3 60. Rd8+ Kc2 0-1